[Event "Hoogovens"]
[Site "Wijk aan Zee"]
[Date "1999.01.25"]
[Round "8"]
[White "Svidler, Peter"]
[Black "Anand, Viswanathan"]
[Result "1/2-1/2"]
[WhiteElo "2710"]
[BlackElo "2780"]
[Annotator "Lukacs,P"]
[PlyCount "49"]
[EventDate "1999.01.16"]
[EventType "tourn"]
[EventRounds "13"]
[EventCountry "NED"]
[EventCategory "17"]
[SourceTitle "CBM 069"]
[Source "ChessBase"]
[SourceDate "1999.04.01"]
[SourceVersion "1"]
[SourceVersionDate "1999.04.01"]
[SourceQuality "1"]

1. e4 c6 2. d4 d5 3. Nd2 dxe4 4. Nxe4 Bf5 5. Ng3 Bg6 6. h4 h6 7. Nf3 Nf6 {
Nowadays this old-forgotten line is popular again.} (7... Nd7 {is the
beginning of the long theoretical line with only a slight _|_ advantage for
White.}) 8. Ne5 Bh7 9. Bd3 {This exchange of the B is the best continuation
according to modern theory.} Bxd3 10. Qxd3 e6 11. Bf4 Qa5+ 12. c3 Qa6 13. Qf3
Nbd7 14. Nxd7 Nxd7 $142 {This is the improvement here.} (14... Kxd7 {
Topalov-Leko, Tilburg Fontys 1998 CBM 68}) 15. Ne4 Nf6 $1 (15... Be7 $6 {
runs into} 16. Qg3 $1 $16) (15... c5 $6 {opens up the position before Black
has finished his development.} 16. dxc5 Nxc5 (16... Bxc5 17. O-O-O $1 Qxa2 $2 {
This loses outright.} 18. Rxd7 Qa1+ 19. Kc2 Qa4+ 20. Kb1 $18) 17. Rd1 $1 (17.
O-O-O $6 {seems to be too risky here in view of} Qxa2 18. Nxc5 Bxc5 19. Qxb7
O-O $13) (17. Nxc5 Bxc5 18. Qg3 Kf8) 17... Nxe4 (17... Qxa2 18. Nxc5 Bxc5 19.
b4 Bb6 {Black has to keep his B on the /^ g1-a7 threatening on f2.} (19... Be7
$2 {founders on} 20. Qxb7) 20. O-O O-O 21. Qg3 Kh8 22. Rd7 $1 $44 {with
penetration on the seventh rank.}) 18. Qxe4 Be7 (18... Qxa2 $2 19. Qxb7 $18)
19. Rh3 $1 {White wants to control the only opened <-> d.} Rd8 (19... O-O $2 {
runs into} 20. Bxh6 $1 f5 ({after} 20... gxh6 $2 {Black cannot avoid mate:} 21.
Rg3+ Kh8 22. Qe5+ f6 23. Qh5 $18) 21. Qe3 gxh6 22. Qxh6 $18 {with a
devastating -> for White.}) 20. Rhd3 $16) 16. Nd6+ (16. Nxf6+ gxf6 17. h5 (17.
Bg3 f5 18. Be5 Rg8 {/\ 0-0-0}) (17. g4 Qb5 $1 {Black has to activate his Q and
threatening with the centralization by Qd5.} 18. O-O-O Qd5 19. Qxd5 cxd5 20. h5
Kd7 (20... Rg8 21. f3) 21. f3 Bd6 22. Be3 b5 $11) 17... O-O-O $142 {and the Q
on a6 has an ideal position.} (17... f5 18. Qg3 $1 $14)) 16... Bxd6 17. Bxd6
Qb5 (17... O-O-O $2 18. Be7) 18. Be5 (18. O-O-O {is met again by the standard}
Qd5 $11) 18... Qd5 {Black has to control the [+].} (18... Qxb2 $2 {hunting for
pawns is not healthy here:} 19. O-O $1 Qa3 (19... O-O-O $4 {allows the quick
execution after} 20. Rab1 Qa3 21. Rxb7 $1 $18) 20. Bxf6 gxf6 21. Qxf6 $16) 19.
Rh3 (19. Qg3 $5 Qe4+ $142 {This is the best reaction here.} (19... O-O-O $5 {
unnecessarily complicates matters.} 20. Qxg7 Qe4+ 21. Kf1 Ng4 22. Rh3 $1 {
other moves fail to impress:} (22. Qxf7 $2 Ne3+ $1) (22. Qxh8 $2 Rxh8 23. Bxh8
Qc2 $1 $19) (22. Re1 Qd3+ 23. Kg1 Qd2 24. Qxg4 (24. Rf1 Nxe5 25. dxe5 (25. Qxe5
Qxb2) 25... Qxb2 $1 26. Qxf7 Qxa2 $15) 24... Qxe1+ 25. Kh2 Qxf2 26. Bxh8 Rxh8
$11) 22... Nxe5 (22... Rhg8 $2 23. Qxf7 Nxe5 (23... Qxg2+ 24. Kxg2 Nxe5+ 25.
Qxg8 Rxg8+ 26. Rg3 $18) 24. Qxe6+ $18) 23. Qxe5 Qxe5 24. dxe5 Rd2 25. Rb1 Rhd8
26. Rf3 $14 {with better chances in the R _|_.}) 20. Kd2 (20. Kf1 Nh5 21. Qh3
O-O-O $11) 20... Qg4 $1 {Otherwise White gets the upper hand:} (20... O-O-O 21.
Rhe1 Qf5 22. f3) (20... Nh5 21. Qh3 O-O-O (21... Nf4 22. Qe3 $1 Qxe3+ 23. fxe3
$14) 22. Rhe1 Qg6 23. g4 Nf6 24. f3 $14) 21. Qe3 Nd5 $11 {with mutual chances.}
) 19... Qxf3 20. Rxf3 Ke7 $11 {This _|_ is completely sound for Black.} 21.
O-O-O Rhd8 22. Rg1 h5 23. Re1 Rd7 24. Kc2 Rg8 25. Bf4 1/2-1/2

[Event "Hoogovens"]
[Site "Wijk aan Zee"]
[Date "1999.01.28"]
[Round "10"]
[White "Kasparov, Garry"]
[Black "Anand, Viswanathan"]
[Result "1/2-1/2"]
[WhiteElo "2812"]
[BlackElo "2784"]
[Annotator "Huzman,A"]
[PlyCount "43"]
[EventDate "1999.01.16"]
[EventType "tourn"]
[EventRounds "13"]
[EventCountry "NED"]
[EventCategory "17"]
[SourceTitle "CBM 069"]
[Source "ChessBase"]
[SourceDate "1999.04.01"]
[SourceVersion "1"]
[SourceVersionDate "1999.04.01"]
[SourceQuality "1"]

1. d4 d5 2. c4 dxc4 3. Nf3 a6 4. e3 e6 5. Bxc4 c5 6. O-O Nf6 7. Bb3 cxd4 8.
exd4 Nc6 9. Nc3 Be7 10. Re1 O-O 11. Bf4 Na5 (11... b5 12. d5 exd5 13. Nxd5 $16)
12. Bc2 b5 13. d5 exd5 14. Qd3 Nc6 (14... g6 15. Rxe7 $5 (15. Nd4 $5 $44) 15...
Qxe7 16. Bg5 Qd6 $8 17. Qd4 Nh5 $1 18. Nxd5 Nc6 $1 19. Qd2 f6 $1 20. Bb3 Kh8
21. Be3 Bg4 22. Nb6 (22. Nd4 $1 $44 {פh5}) 22... Qxd2 23. Nxd2 Rad8 $17 {
0-1 Illescas Cordoba,M-Anand,V/Leon 1997/}) 15. Bc7 Qd7 (15... Qxc7 $4 16. Nxd5
) 16. Ne5 Nxe5 17. Bxe5 g6 18. Bxf6 (18. Rad1 $44 Bb7 19. Qf3 (19. Qd4 Qc6)
19... d4 20. Ne4 (20. Qg3 Nh5 21. Rxd4 Qe6 (21... Qxd4 22. Bxd4 Nxg3 23. Rxe7
Rfe8 24. Rxe8+ Rxe8 25. hxg3 b4 26. Na4 Re2 27. Bd3 Rd2 28. Nc5 $16) 22. Qg4
$11 (22. Qd3 Bc5 23. Rh4 (23. Rd7 Bc6 $17) 23... Rad8 $15)) 20... Nxe4 21. Bxe4
Bxe4 22. Rxe4 $11) 18... Bxf6 19. Nxd5 Bg7 (19... Bxb2 20. Rad1 Qg4 (20... Qa7
21. Re7 Qb8) 21. Re4) 20. a4 (20. Qf3 Bb7 21. Nf6+ Bxf6 22. Qxf6 $11) (20. Rad1
Kh8 21. Re7 Qd6 $11) 20... bxa4 21. Bxa4 Qd8 $11 22. Bc6 1/2-1/2

[Event "Hoogovens"]
[Site "Wijk aan Zee"]
[Date "1999.01.31"]
[Round "13"]
[White "Anand, Viswanathan"]
[Black "Topalov, Veselin"]
[Result "1-0"]
[WhiteElo "2784"]
[BlackElo "2700"]
[Annotator "Atlas,V"]
[PlyCount "81"]
[EventDate "1999.01.16"]
[EventType "tourn"]
[EventRounds "13"]
[EventCountry "NED"]
[EventCategory "17"]
[SourceTitle "CBM 069"]
[Source "ChessBase"]
[SourceDate "1999.04.01"]
[SourceVersion "1"]
[SourceVersionDate "1999.04.01"]
[SourceQuality "1"]

1. e4 {Ftacnik} c5 2. Nf3 d6 3. d4 cxd4 4. Nxd4 Nf6 5. Nc3 a6 6. f3 b5 {
'!?' Ftacnik. Ftacnik: 'Black is trying to take advantage of the fact, that 6.
f3 in order to avoid 6.Be3 Ng4 is a bit commiting.'} 7. a4 $5 {The principal
continuation.} b4 8. Nd5 $1 (8. Na2 {yields Black a good counterplay:} a5 9. c3
e5 10. Nb5 bxc3 11. Naxc3 Bb7 12. Be3 Be7 13. Qd2 O-O 14. Rd1 Ne8 15. Nd5 Bxd5
16. Qxd5 Na6 17. Rc1 Nb4 18. Qd2 d5 {1/2-1/2 Huberty,M-Alho,D/Singapore 1990/
EXT 97 (18) The text move is an important improvement over the passive 8.Na2.})
8... Nxd5 (8... e6 $5 {was an interesting option here.} {If} 9. Nxb4 (9. Nxf6+
Qxf6 10. Be3 Be7) {then} 9... d5 10. Nbc6 Nxc6 11. Nxc6 Qb6 12. exd5 Nxd5 {
followed by 13...Bb4+}) 9. exd5 g6 10. Be3 Bb7 11. Bc4 Qc7 12. Bb3 (12. Qe2 {
Ftacnik} Nd7 13. a5 Bg7 $13) 12... Nd7 13. Qd2 Nf6 (13... Nc5 {, leading to
interesting tactical comlications, is insufficient for Black:} 14. Qxb4 Nxb3
15. Qxb3 Qa5+ 16. Kf2 Bxd5 17. c4 Bg7 $1 18. Rad1 Be6 19. Qb7 O-O 20. Nxe6 fxe6
21. Qxe7) 14. Ne2 (14. Qxb4 $6 Nxd5 15. Bxd5 Bxd5 {'=/+' Ftacnik. is clearly
in Black's favor.}) 14... a5 15. O-O-O Rc8 16. Nd4 $1 Bg7 (16... Nxd5 $5 {
could lead to a sharp play:} 17. Nb5 (17. Bxd5 Bxd5 18. Nb5 Qc4)) (16... Bxd5
17. Nb5 (17. Bxd5 $2 Nxd5 18. Nb5 Qxc2+ 19. Qxc2 Rxc2+ 20. Kxc2 Nxe3+ $19)
17... Bxb3 18. Nxc7+ Rxc7) 17. Nb5 Qd8 18. g4 Nd7 19. Kb1 Nc5 20. h4 h5 {
'!' Ftacnik. Ftacnik: 'Important idea to slow down white attack on the
kingside. Topalov takes advantage from the fact, that his king is still
sitting in the center.'} 21. Bd4 Kf8 22. Rhg1 Qd7 23. Bxg7+ Kxg7 24. Nd4 Nxb3
25. cxb3 Kf8 (25... Bxd5 $2 {fails to} 26. Nf5+ gxf5 27. Qg5+ Kf8 28. gxf5 e5 (
28... Ke8 $4 29. Qg8+ Rxg8 30. Rxg8#) 29. Rxd5 $16 (29. f6 Qe6 $132)) 26. Nc2 {
'!' Ftacnik. Ftacnik: 'Anand understands perfectly, that his knight needs a
good square. From e3 he will protect both d5 and g4, while the loss of an h4
pawn is rather less important.'} (26. Qg5 {is strongly met by} Rc5) 26... hxg4
27. fxg4 Rxh4 28. Ne3 e5 29. Qf2 Qe7 30. Rh1 ({This move could lead to draw if
Black would not blunder.} 30. Nc4 $5 {threatening both 31.Na5 and 31.Nd6, was
a plausible alternative to the text move and would allow White to keep winning
chances.}) 30... Rxh1 31. Rxh1 Qg5 ({White's attacking chances should not be
underestimated:} 31... Kg7 $2 {is elegantly refuted by} 32. Qh2 Qg5 33. Qh7+
Kf8 34. Rf1 Rc7 35. Qh8+ Ke7 36. Qg8 f6 37. Rh1 {, winning.}) 32. Rh7 Rc7 (
32... Qf4 {Ftacnik} 33. Qh4 Qxe3 34. Rh8+ (34. Qf6 $2 Rc1+ 35. Ka2 Qxb3+ $3 36.
Kxb3 Bxd5#) 34... Kg7 35. Rh7+ $11) 33. Ka2 Ba6 (33... Kg8 {Ftacnik} 34. Rh1 (
34. Qh2 $2 Qxe3 35. Rh8+ Kg7 36. Rh7+ Kf8 37. Rh8+ Ke7 38. Qh4+ g5 39. Qh6
Qxb3+ $1 $19) 34... Rc8 35. Qf3 $13) 34. Qh2 Bd3 $4 {[%mdl 8192]} ({A blunder
caused presumsbly by a time-trouble. Obviously,} 34... Qxe3 {is bad in view of}
35. Rh8+ Ke7 36. Qh4+ g5 37. Qh6 Rc8 38. Rh7 $18) ({However, after} 34... Ke7
$1 {White has nothing better than forcing a draw by perpetual:} 35. Rxf7+ Kxf7
36. Qh7+ Ke8 (36... Kf6 37. Qxc7 Qxe3 38. Qxd6+) 37. Qg8+ Kd7 38. Qe6+ Kd8 39.
Qg8+) 35. Rh8+ {It is amaizing, but starting from this move, White's attack
develops without any obstacle.} Ke7 36. Ra8 Qf6 (36... Qxe3 {loses after} 37.
Qh8 {/\Qd8#} Rd7 38. Re8#) 37. g5 $1 Qg7 ({If} 37... Qxg5 {then} 38. Qh8 {
, with inevtiable mate.}) 38. Qd2 (38. Ng4 $2 {would be a terrible mistake, as
after} Rc1 {Black always has a draw by perpetual.}) 38... e4 ({After} 38... Bf5
{the white knight chooses a queenside direction:} 39. Nc4 {, and Black is
defenceless against 40.Na5, threatening 41.Nc6+ and 41.Qb4.}) {But now the
white knight turns to the right, penetrating into the f6-square via g4.} 39.
Ng4 Rd7 40. Nf6 {Capitalizing upon the tragicomical position of the black king
and queen, entirely locked by the white knight.} Rd8 {There was no other
meaningful way to prevent mate on e8.} 41. Qc1 $1 {[%csl Re7][%cal Gc1c7,Gc7d6,
Gc7e7,Gf6e8,Gf6g8]} ({The final strike! Anand crowns the game with the
impressive mate final:} 41. Qc1 Rxa8 42. Qc7+ Kf8 43. Qxd6#) 1-0

[Event "Linares 16th"]
[Site "Linares"]
[Date "1999.02.25"]
[Round "4"]
[White "Anand, Viswanathan"]
[Black "Topalov, Veselin"]
[Result "1/2-1/2"]
[WhiteElo "2781"]
[BlackElo "2700"]
[Annotator "Ftacnik,L"]
[PlyCount "130"]
[EventDate "1999.02.21"]
[EventType "tourn"]
[EventRounds "14"]
[EventCountry "ESP"]
[EventCategory "20"]
[SourceTitle "CBM 070"]
[Source "ChessBase"]
[SourceDate "1999.06.08"]
[SourceVersion "1"]
[SourceVersionDate "1999.06.08"]
[SourceQuality "1"]

1. e4 c5 2. Nf3 d6 3. d4 cxd4 4. Nxd4 Nf6 5. Nc3 a6 6. Be2 e6 7. O-O Be7 8. a4
Nc6 9. Be3 O-O 10. f4 Qc7 11. Kh1 Re8 12. Bf3 Bd7 13. Nb3 b6 14. Qd2 Rab8 15.
Bf2 Bc8 16. Bg3 Nd7 17. e5 (17. Rae1 b5 (17... Bb7 18. e5 Rbd8 19. Qf2 Rf8 20.
Be4 dxe5 21. fxe5 Nc5 22. Nxc5 bxc5 23. Bf4 {1/2-1/2 Karpov,A-Kasparov,G/
Moscow 1985/MainBase (23)}) 18. axb5 axb5 19. e5 dxe5 20. fxe5 Ncxe5 21. Qe2 f6
22. Nd4 Qc4 23. Qxc4 bxc4 24. Nxe6 Nxf3 25. gxf3 Ne5 {1/2-1/2 Asrian,K-Akopian,
V/Erevan 1995/ (46)}) 17... dxe5 (17... d5 18. f5 Ndxe5 19. fxe6 Bxe6 20. Nxd5
Bxd5 21. Qxd5 Rbc8 22. Nd4 Red8 23. Qxc6 Qxc6 24. Nxc6 Nxc6 25. Bg4 {1-0
Emunds,H-Schuetz,T/NRW-I 1987/ (75)}) 18. Rae1 Bb7 (18... Bb4 19. fxe5 Ncxe5
20. Bh5 g6 21. Rxe5 Nxe5 22. Qe2 f5 23. Bxe5 Bd6 24. Nd5 exd5 25. Bxd6 Qc6 26.
Nd4 Qd7 27. Bxb8 Rxe2 28. Bxe2 {1-0 Asrian,K-Xu Jun/Linares 1998/ (47)}) 19.
fxe5 Ncxe5 (19... Rf8 20. Qe2 Nc5 21. Nxc5 bxc5 22. Be4 Nd4 {1/2-1/2 Cuijpers,
F-Vanheste,J/Hilversum 1989/ (47)}) 20. Bxb7 Rxb7 21. Qe2 f6 22. Qxa6 Bb4 23.
Nb5 {White must believe, that the queenside majority will be weightier than
the black's pawn mass in the center.} (23. Bxe5 Nxe5 24. Qb5 Qe7 25. Re3 Rc8
26. Nd4 Bxc3 27. Rxc3 Rxc3 28. bxc3 h6 {1/2-1/2 Poulsen,A-Jansa,V/Copenhagen
1987/ (53)}) 23... Qc8 24. c3 Bf8 25. N5d4 Nb8 26. Qb5 Nf7 (26... Nc4 $2 27.
Bxb8 Rxb8 28. Nxe6 $1 (28. Nc6 $2 Nd6 $19) 28... Nxb2 29. Nbd4 $16) 27. Nd2 e5
28. Nf5 (28. Ne4 Rd8 (28... exd4 $2 29. Nxf6+ gxf6 30. Rxe8 $18) 29. Nf5 Qe6)
28... Rd8 29. Ne4 Qe6 30. Bh4 (30. b3 $14) 30... Qc6 (30... g6 $2 31. Nd4 $18)
31. b3 Qxb5 (31... Nd6 $5 32. Qxc6 Nxc6 33. Nfxd6 Bxd6 34. Rd1 Be7 35. Rxd8+
Nxd8 36. g4 Ne6 $11) 32. axb5 h6 33. g4 (33. Ra1 Ng5 34. Bxg5 hxg5 $11) 33...
Ng5 34. Bxg5 {Anand sidesteps the chance to eat many pawns for the single
sacrificed piece.} (34. Nxh6+ $5 gxh6 35. Nxf6+ Kh8 36. Bxg5 hxg5 37. Rxe5 Nd7
38. Rd5 Be7 39. Ne4 Re8 $13) 34... hxg5 35. Ra1 Rbd7 36. Ne3 Rd3 37. Nc4 Nd7
38. b4 (38. Rfd1 Nc5 39. Rxd3 Rxd3 40. Nxc5 Bxc5 41. b4 Be3 42. Re1 Bf2 43. Re2
Rxc3 44. Nxe5 fxe5 45. Rxf2 $15) 38... Rc8 39. Ncd2 Be7 (39... Rc7 40. Ra8 Kh7
41. Kg2 Kg6 $13) 40. Ra7 Kf8 41. Kg2 Ke8 42. Kf2 (42. Rf3 Rxf3 (42... Rd5 43.
Nf1 Rxb5 44. Rd3 $16) 43. Kxf3 g6 $132) 42... g6 43. Ke2 Rh3 44. Nc4 $6 Rxh2+ (
44... Rxc4 45. Ra8+ Nb8 $1 (45... Bd8 46. Nd6+ Ke7 47. Nxc4 $16) (45... Kf7 46.
Nxg5+ Kg7 47. Nxh3 Rxc3 48. Nf2 $16) 46. Rxb8+ Kd7 47. Nxf6+ Bxf6 48. Rxf6
Rcxc3 49. Rb7+ Kc8 50. Rbxb6 $11) 45. Kd3 Rd8 $1 {[%mdl 256] Topalov has
defended accurately and it looks like white has tried for too much with his
smart tactics.} 46. Ncd6+ (46. Ke3 Rh3+ 47. Ke2 Rh4 48. Ne3 f5 $17) 46... Bxd6
47. Nxd6+ Ke7 48. Ne4 f5 $6 (48... Ke6 $1 49. Ke3 Rdh8 50. c4 R8h3+ 51. Rf3
Rxf3+ 52. Kxf3 Rb2 $17) 49. gxf5 gxf5 50. Rxf5 Ke6 51. Rf2 (51. Rxg5 Nc5+ 52.
Kc4 (52. Ke3 $2 Rd3#) 52... Nxe4 $19) 51... Nf6+ 52. Ke2 $8 (52. Kc4 Rc8+ 53.
Kb3 Rxc3+ $1 54. Nxc3 Rxf2 $19) (52. Ke3 $2 Ng4+ $19) 52... Rxf2+ 53. Nxf2 g4
54. Rg7 $6 (54. Rb7 $1 Nd5 55. Nxg4 Nxc3+ 56. Ke1 $15) 54... Kf5 55. c4 Rd4 56.
Nd1 $2 (56. c5 Rxb4 57. cxb6 Rxb5 58. b7 Rb2+ $17) 56... Re4+ $2 {Black
overlooks the chance to punish his great opponent for many inaccuracies.} (
56... Nh5 $1 57. Ne3+ (57. Rf7+ Kg6 58. Rb7 Nf4+ 59. Ke1 g3 60. Ne3 Rd3 $19)
57... Ke4 58. Rxg4+ Nf4+ 59. Kf2 Rd2+ $19) 57. Ne3+ Kf4 (57... Ke6 58. Rb7 $11)
58. Rf7 $1 Rxe3+ 59. Kd2 Ke4 60. Rxf6 Rd3+ 61. Ke2 (61. Kc2 Rd4 62. Kc3 g3 63.
Rxb6 g2 64. Rg6 Kf3 65. b6 Rd6 66. Rg8 Rxb6 $11) 61... Rd4 62. c5 Rxb4 63. Rxb6
g3 64. Rg6 Rb2+ 65. Kf1 Kd4 (65... Kf3 66. Rf6+ Ke3 67. c6) 1/2-1/2

[Event "Linares 16th"]
[Site "Linares"]
[Date "1999.03.01"]
[Round "7"]
[White "Adams, Michael"]
[Black "Anand, Viswanathan"]
[Result "1/2-1/2"]
[WhiteElo "2716"]
[BlackElo "2781"]
[Annotator "Ribli,Z"]
[PlyCount "57"]
[EventDate "1999.02.21"]
[EventType "tourn"]
[EventRounds "14"]
[EventCountry "ESP"]
[EventCategory "20"]
[SourceTitle "CBM 070"]
[Source "ChessBase"]
[SourceDate "1999.06.08"]
[SourceVersion "1"]
[SourceVersionDate "1999.06.08"]
[SourceQuality "1"]

{[%mdl 576]} 1. e4 c5 2. Nf3 Nc6 3. d4 cxd4 4. Nxd4 Qc7 5. Be3 {Eine
ungewöhnliche Zugfolge. Stattdessen kann Weiß 5.Nb5 oder besser 5.Nc3 spielen.
Ribli.} Nf6 6. Nc3 e6 7. f3 {Adams spielt den sogenannten Englischen Angriff.
Gewöhnlich wird das System mit Be3, f3, 0-0-0 gefährlich für Schwarz in der
Sizilianischen Verteidigung, Aber hier ist der Aufbau weniger effektiv, denn
Schwarz hat zusätzliche Möglichkeiten, weil er noch nicht ...d6 gespielt hat.}
a6 8. Qd2 b5 (8... Ne5 9. O-O-O b5 10. Kb1 b4 (10... Bb7 $5 $11) 11. Na4 d5 12.
Nb3 Rb8 13. Bd4 $1 Bd6 $6 (13... Ned7 14. exd5 Nxd5 15. c4 N5f6 $11) 14. exd5
Nxd5 15. f4 $14 {1/2-1/2 Adams,M-Razuvaev,Y/London 1997/Inf 70/[Razuvaev,Y] 
(44)}) 9. g4 h6 10. Nxc6 $5 (10. O-O-O b4 11. Na4 Ne5 (11... Rb8 12. b3 Be7 13.
h4 d5 14. Nxc6 Qxc6 15. e5 Nd7 16. Bd4 Qc7 17. Qe3 h5 18. Bd3 Qd8 19. Rdg1 $36
{0-1 Cots,J-Pogorelov,R/Berga op 1995/EXT 95op (46)}) 12. Be2 (12. Bf4 $6 Bb7
13. h4 d5 14. exd5 Nxd5 15. Bxe5 Qxe5 16. Bc4 Qc7 $15 {[%csl Gc7,Yf4][%cal
Gf8d6,Gd6f4,Gf4c1]}) 12... d5 13. Nb3 Bb7 14. Nac5 Nc4 15. Bxc4 dxc4 16. Qxb4
cxb3 17. Qxb7 Qxb7 18. Nxb7 bxa2 {0-1 Ehlvest,J-Plaskett,J/7th Monarch
Assurance, Port Erin IOM 1998 (27)}) 10... dxc6 {Dieser Zug scheint mir
natürlicher als seine Alternative.} (10... Qxc6) 11. O-O-O {Weiß ist gut
entwickelt und hat Angriffschancen, aber Schwarz hat keine Schwächen.} e5 $1 {
Schwarz entwickelt zuerst seinen Damenflügel. Das Feld e6 ist ideal für den
Läufer.} (11... Be7 12. h4) 12. h4 Be6 13. Bh3 Rd8 14. Qf2 {Weiß muß die Damen
auf dem Brett behalten.} (14. Qxd8+ Qxd8 15. Rxd8+ Kxd8 16. g5 Bxh3 (16... hxg5
17. Bxe6 fxe6 18. Bxg5 $14 {[%csl Re5,Re6]}) 17. gxf6 (17. Rxh3 hxg5 18. Bxg5
Be7 $11) 17... Be6 $11) 14... Rxd1+ 15. Rxd1 Nd7 {Auf diese Weise verteidigt
sich Schwarz gegen 16.Bb6 und muß nicht mehr mit g4-g5 rechnen.} 16. Kb1 (16.
f4 $5) (16. Nd5 {Das ist ein typisches "passives" Opfer, was bedeutet, daß
Schwarz den Springer nicht nehmen muß.} Qb7 $1 (16... cxd5 $2 17. exd5 Bxd5 18.
Rxd5 Qc4 (18... Be7 19. g5 $16) 19. Qd2 Qxa2 20. Kd1 $16)) 16... Be7 17. f4 {
Weiß hat Entwicklungsvorsprung und möchte daher die Stellung öffnen.} exf4 18.
Bxf4 Qb6 (18... Bxh4 $6 19. Qh2 (19. Qxh4 Qxf4 $17) 19... Qa7 (19... Qd8 20. g5
hxg5 (20... Bxg5 21. Bxe6 fxe6 22. Qh5+ Kf8 23. Bxg5 $18) 21. Bxe6 fxe6 22. Bc7
Qe7 23. e5 $44 {[%csl Yd6,Re8][%cal Gc3e4,Ge4d6]}) 20. g5 $36) (18... Ne5 $5
19. Qg3 Bf6 20. g5 hxg5 21. Bxg5 Qe7 $11 {[%csl Ge5]}) 19. Qf3 g5 $5 $13 (19...
Bxh4 20. Nd5 cxd5 21. exd5 $40) 20. Bh2 (20. hxg5 hxg5 21. Be3 Ne5 $132) 20...
O-O 21. hxg5 $6 (21. Nd5 cxd5 22. exd5 Nc5 23. dxe6 $40 (23. hxg5 $5 $40))
21... Bxg5 $1 (21... hxg5 22. Nd5 cxd5 23. exd5 $40) 22. Nd5 cxd5 23. exd5 Nf6
$1 $11 {Der Springer plant auf e4 eine ausgezeichnete Stellung einzunehmen.} (
23... Nc5 24. dxe6 fxe6 (24... Qxe6 25. Bd6 Rc8 26. Bg2 $14) 25. Qe2 $14) 24.
dxe6 Qxe6 {Weiß hat nicht mehr als die Figur zurückgewonnen. Dem Schwarzen
stellen sich keine Probleme.} 25. a3 Re8 {[%cal Ge8e1]} 26. Bg1 Ne4 {[%cal
Re4d2,Rd2b1,Rd2f3]} 27. Be3 Nc3+ (27... Qc6 28. Rf1 Nc3+ 29. bxc3 Qxf3 30. Rxf3
Bxe3 $11) 28. bxc3 Qxe3 29. Bg2 {Und hier wurde die Partie in gleicher
Stellung Remis vereinbart. Die weißen Bauern am Damenflügel sind nur
theoretisch schwach. Nach Damentausch ist das Endspiel total gleich.} (29. Bg2
Qxf3 30. Bxf3 Re3 31. Rd3 $11) 1/2-1/2